000 00446nam a2200181Ia 4500
001 16590
005 20260306170320.0
008 260306t2005||||xx |||||||||||||| ||und||
041 _aESP
082 _a348.8
_bB17
100 _aBalta Varillas, José
_eAUT
245 0 _aAcoso sexual en las relaciones labores privadas
260 _c2005
300 _a230 páginas :
_c23 cm.
650 _aGEN
654 _aCDE
942 _cLIB
_dJUS
_fJUS
_2ddc
_n
999 _c16590
_d16590